| 000 | 01404 a2200181 4500 | ||
|---|---|---|---|
| 020 | _a0521471613 (hardcover) | ||
| 020 | _a9780521471619 (hardcover) | ||
| 082 | 0 | 4 | _a031 |
| 090 |
_c4463 _d4463 |
||
| 100 | 1 | _aCrystal, David. | |
| 245 | 1 | 4 |
_aThe cambridge concise encyclopedia new updated edition / _cDavid Crystal. |
| 250 | _aUpdated ed. | ||
| 260 |
_a[S.l.] : _bCambridge University Press, _c1994. |
||
| 300 |
_a965 p. ; _c24 cm. |
||
| 520 | _aRevised and updated for this new edition, The Cambridge Concise Encyclopedia is a superb, rapid-response reference tool for home, school and office - in fact wherever quick answers are required. Its clear, easy-to-read entries - nearly 20,000 of them on all topics - contain the essential information for the 1990s. The Cambridge Concise Encyclopedia is not only the most comprehensive and up-to-date portable reference book available, it is also the most user-friendly - due to its wealth of maps, diagrams and its unique Ready-Reference section. No other book of its kind offers such superb value for money. - Over 19,000 entries - Over 750,000 words - 100-page Ready Reference section - 570 maps, panels and drawings - 26,000 cross-references enabling rapid information retrieval - Over 100 internationally-renowned contributors. | ||
| 856 | 4 | 0 |
_3Amazon.com _uhttp://www.amazon.com/exec/obidos/ASIN/0521471613/chopaconline-20 |
| 942 |
_aNBS _cBK _k031 CAM |
||
| 999 |
_c346906 _d346906 |
||